000 00802nam a22002777a 4500
001 0180
003 DO-SdBNP
005 20180306095810.0
007 0180
008 151005b 200 1979 sp 00| 0 spa d
020 _a8485529197
040 _aBPMSU
_bspa
_cBPMSU
092 _aXXXX
_bXXXX
100 1 _aMatilla, Luis
245 1 0 _aHistorias fantásticas de ayer y de hoy /
_cLuis Matilla, Alonso Erausquin ; ilustraciones Enrique Santana
260 _aMadrid :
_bEsco,
_c1979.
300 _a[38] p :
_bil.
_c30 cm.
490 1 _aHistorias fantásticas
586 _aPremio nacional del Ministerio de Cultura
700 1 2 _aErausquin, Alonso
700 1 2 _aSantana, Enrique
_eil.
830 0 _aHistorias fantasticas
942 _2ddc
_cBK
945 _aInventariado, 2018/MFF
956 _aYngrid Lockward
999 _c9275
_d9275